书目信息 |
| 题名: |
新版冰淇淋配方
|
|
| 作者: | 蔡云升 编 | |
| 分册: | ||
| 出版信息: | 北京 中国轻工业出版社 2002.01 |
|
| 页数: | 335页 | |
| 开本: | 20cm | |
| 丛书名: | 新版食品西方系列丛书 | |
| 单 册: | ||
| 中图分类: | TS277 | |
| 科图分类: | ||
| 主题词: | 饮料--冷冻食品--配方 | |
| 电子资源: | ||
| ISBN: | 7-5019-3246-8 | |
| 000 | 00930nam 2200265 450 | |
| 001 | 192004002343 | |
| 005 | 20070905155423.46 | |
| 010 | @a7-5019-3246-8@dCNY16.00 | |
| 100 | @a20070601d2002 ekmy0chiy0121 ea | |
| 101 | 0 | @achi |
| 102 | @aCN@b110000 | |
| 105 | @ak a 000yy | |
| 200 | 1 | @a新版冰淇淋配方@Axin ban bing qi lin pei fang@f蔡云升编 |
| 210 | @a北京@c中国轻工业出版社@d2002.01 | |
| 215 | @a335页@d20cm | |
| 225 | 2 | @a新版食品西方系列丛书@Axin ban shi pin xi fang ji lie cong shu |
| 320 | @a有书目 (第334-335页) | |
| 330 | @a本书重点阐述了原料和辅料,各种类型保健冰淇淋的开发,对冰淇淋中的原辅料、乳化剂、复合乳化稳定剂、香精、香料、色素的调配作了详细的介绍,具有实用性。 | |
| 410 | 0 | @12001 @a新版食品西方系列丛书 |
| 517 | 1 | @a冰淇淋配方@Abing qi lin pei fang |
| 606 | 0 | @a饮料@x冷冻食品@x配方 |
| 690 | @aTS277@v4 | |
| 701 | 0 | @a蔡云升@Acai yun sheng@4编 |
| 801 | 0 | @aCN@c20070905 |
| 905 | @dTS277@eC076 | |
| 新版冰淇淋配方/蔡云升编.-北京:中国轻工业出版社,2002.01 |
| 335页;20cm.-(新版食品西方系列丛书) |
| ISBN 7-5019-3246-8:CNY16.00 |
| 本书重点阐述了原料和辅料,各种类型保健冰淇淋的开发,对冰淇淋中的原辅料、乳化剂、复合乳化稳定剂、香精、香料、色素的调配作了详细的介绍,具有实用性。 |
| ● |
| 相关链接 |
|
|
|
正题名:新版冰淇淋配方
索取号:TS277/C076
 
预约/预借
| 序号 | 登录号 | 条形码 | 馆藏地/架位号 | 状态 | 备注 |
| 1 | 625321 | 206253212 | 自科库501/501自科库 42排5列1层/ [索取号:TS277/C076] | 在馆 | |
| 2 | 625322 | 206253221 | 期刊室512/501自科库 42排5列1层/ [索取号:TS277/C076] | 在馆 | |
| 3 | 625323 | 206253230 | 自科库501/501自科库 42排5列1层/ [索取号:TS277/C076] | 在馆 |